[Event "Pula op 13th"]
[Site "Pula"]
[Date "1999.05.31"]
[Round "3"]
[White "Genser, Harald"]
[Black "Barle, Janez"]
[Result "0-1"]
[WhiteElo "2160"]
[BlackElo "2384"]

1.e4 d6 2.d4 Nf6 3.Nc3 e5 4.Nf3 Nbd7 5.Bc4 Be7 6.O-O O-O 7.Re1 c6 8.a4 a5
9.h3 Qc7 10.Ba2 Nb8 11.Be3 Na6 12.Nd2 Nb4 13.Bb3 Rd8 14.dxe5 dxe5 15.Qe2 b6
16.Rac1 Na6 17.Bc4 Nc5 18.Red1 Re8 19.Qf3 Be6 20.Bxe6 Nxe6 21.Nb3 Bb4 22.Ne2 b5
23.axb5 cxb5 24.c3 Bf8 25.Ng3 Nf4 26.Na1 Rab8 27.Nc2 g6 28.Ne1 Re6 29.Nd3 Bd6
30.Rd2 Rbe8 31.Rcd1 h5 32.Ne2 Nxe4 33.Qxe4 f5 34.Ndxf4 exf4 35.Qd5 fxe3 36.fxe3 Qc5
37.Qxc5 Bxc5 38.Kf2 Rxe3 39.Nd4 b4 40.cxb4 Bxb4 41.Re2 Rxe2+ 42.Nxe2 Kf7
43.Nc3 Bxc3 44.bxc3 a4 45.Rd6 Ra8 46.Rd2 a3 47.Ra2 Ke6 48.Ke2 Kd5 49.Kd3 Kc5
50.h4 Ra4 51.g3 Kb5 52.Kc2 Kc4 53.Ra1 a2 54.Kb2 Ra6  0-1

[Event "Pula op 13th"]
[Site "Pula"]
[Date "1999.06.03"]
[Round "5"]
[White "Sermek, Drazen"]
[Black "Barle, Janez"]
[Result "1/2-1/2"]
[WhiteElo "2540"]
[BlackElo "2384"]

1.e4 d6 2.d4 Nf6 3.Nc3 e5 4.Nf3 Nbd7 5.Bc4 Be7 6.O-O O-O 7.a4 a5 8.Qe2 c6
9.Rd1 Qc7 10.h3 h6 11.Ba2 Re8 12.dxe5 Nxe5 13.Nd4 Bf8 14.Be3 b6 15.f3 Be6
16.Nxe6 fxe6 17.f4 Nf7 18.Bc4 d5 19.e5 Nd7 20.Bd3 Bc5 21.Bxc5 bxc5 22.b3 Qb6
23.Qe3 d4 24.Qe4 dxc3 25.Qh7+ Kf8 26.Bc4 Rad8 27.Rd3 Ndxe5 28.fxe5 Rxd3 29.Qxd3 Qd8
30.Qxc3 Qd4+ 31.Qxd4 cxd4 32.Re1 Ke7 33.Re4 c5 34.Kf2 Rc8 35.Ke2 Nd8 36.Bb5 Nf7
37.Kd3 Rd8 38.Bc6 Rc8 39.Bb7 Rb8 40.Ba6 Ra8 41.Bc4 Rf8 42.Re2 Rd8 43.Re1 Rf8
44.Bb5 Rd8 45.Bc6 Rb8 46.Kc4 Nxe5+ 47.Rxe5 Kd6 48.Re1 Rb4+ 49.Kd3 Kxc6 50.Rxe6+ Kd5
51.Ra6 Rb7 52.Rxa5 Re7 53.b4 Re3+ 54.Kd2 Kc4 55.b5 Kb4 56.Ra8 Re6 57.Ra6 Re8
58.b6 c4 59.b7 Rb8 60.a5 c3+ 61.Ke2 Re8+ 62.Kd1 Rb8 63.Ra7 d3 64.a6 Ka3 65.Ra8 Kb2
66.Rxb8 dxc2+ 67.Ke2 c1=Q 68.Rd8 Qc2+ 69.Ke3 Qc1+ 70.Ke2 Qc2+ 71.Ke3 Qc1+
72.Ke4 Qe1+ 73.Kf3 Qf1+  1/2-1/2

[Event "Pula op 13th"]
[Site "Pula"]
[Date "1999.06.04"]
[Round "6"]
[White "Drlje, Josip"]
[Black "Kosanski, Stanko"]
[Result "1-0"]
[WhiteElo "2092"]
[BlackElo "2409"]

1.e4 d6 2.d4 Nf6 3.Nc3 c6 4.f4 Qa5 5.Bd3 e5 6.Ne2 Nbd7 7.O-O b5 8.Kh1 Be7
9.Qe1 Qc7 10.Qg3 O-O 11.fxe5 dxe5 12.Rf5 Ne8 13.dxe5 Nc5 14.Rf3 Be6 15.Nd4 Kh8
16.Be3 Nd7 17.Raf1 b4 18.Nce2 c5 19.Nxe6 fxe6 20.Rxf8+ Nxf8 21.Bc4 Qd7 22.Nf4 Nc7
23.Nd3 Ng6 24.Rf7 Qe8 25.Qf2 Kg8 26.Rf3 Qc6 27.Bxc5 Qxe4 28.Bxe7 Qxc4 29.Bxb4 Qxa2
30.Qc5 Rc8 31.h4 h5 32.b3 Qa6 33.Qf2 Nd5 34.Bd6 Qa1+ 35.Kh2 Qd1 36.c4 Kh7
37.cxd5 Rc2 38.Qg3 Nxh4 39.Rf2 Rc3 40.Qxh4 Rxd3 41.dxe6 Re3 42.Rf5  1-0

[Event "Budapest FS06 IM"]
[Site "Budapest"]
[Date "1999.06.06"]
[Round "2"]
[White "Peterson, Emery"]
[Black "Szirmai, Eduard"]
[Result "1/2-1/2"]
[WhiteElo "2172"]
[BlackElo "2208"]

1.e4 d6 2.d4 Nf6 3.Nc3 c6 4.Be3 Qa5 5.Qd2 e5 6.f3 Nbd7 7.Nge2 Be7 8.Ng3 Nf8
9.Bc4 Ng6 10.O-O O-O 11.Kh1 Re8 12.Rad1 Qc7 13.Bb3 b5 14.Nce2 Bf8 15.c3 Bb7
16.Bg5 Be7 17.Nf5 Rad8 18.Nxe7+ Qxe7 19.Ng3 Bc8 20.Nh5 Kh8 21.Bxf6 gxf6 22.Qh6 Rg8
23.f4 exf4 24.Nxf4 Nxf4 25.Rxf4 Rg6 26.Qh4 Rdg8 27.Rg1 Rg5 28.Bc2 R8g7 29.Qf2 Bh3
30.g3 R5g6 31.Re1 Rh6 32.Kg1 Rg5 33.Qe3 Kg7 34.b3 a6 35.Rf2 c5 36.Bd1 cxd4
37.cxd4 Rhg6 38.Bc2 Rh6 39.Bd3 d5 40.e5 fxe5 41.dxe5 Re6 42.Rf6 Rexe5 43.Qxg5+ Rxg5
44.Rxe7 Kxf6 45.Ra7 Bc8 46.Ra8 Rg8 47.a4 Re8 48.axb5 axb5 49.Bxb5 Re1+ 50.Kf2 Rc1
51.Bd3 h6 52.Ke3 Ke5 53.b4 Rc3 54.Kd2 Kd4 55.Bc2 Bb7 56.Ra7 Rc7 57.Bd3 Rc3
58.Bc2 Rc7  1/2-1/2

[Event "Budapest FS06 GM"]
[Site "Budapest"]
[Date "1999.06.10"]
[Round "6"]
[White "Llanos, Guillermo"]
[Black "Lorscheid, Gerhard"]
[Result "1-0"]
[WhiteElo "2437"]
[BlackElo "2323"]

1.d4 d6 2.e4 Nf6 3.Nc3 e5 4.dxe5 dxe5 5.Qxd8+ Kxd8 6.Bc4 Ke8 7.f3 c6 8.Be3 Nbd7
9.Nge2 Bc5 10.Nd1 b5 11.Bb3 Bxe3 12.Nxe3 Nc5 13.Nc1 a5 14.a4 Ke7 15.axb5 cxb5
16.Bd5 Ra6 17.Kf2 Rd8 18.Rd1 Be6 19.Bxe6 Rxd1 20.Nxd1 Kxe6 21.Ne3 a4 22.b4 Nb7
23.Nd3 Rc6 24.Nb2 Nd6 25.c4 Nxc4 26.Nexc4 bxc4 27.Nxa4 Nd7 28.Nc3 Rb6 29.Nd5 Rd6
30.Ra7 f5 31.b5 f4 32.Ke2 Kf7 33.Kd2  1-0

[Event "Budapest FS06 GM"]
[Site "Budapest"]
[Date "1999.06.11"]
[Round "7"]
[White "Hoffmann, Michael"]
[Black "Varga, Zoltan"]
[Result "0-1"]
[WhiteElo "2407"]
[BlackElo "2518"]

1.e4 d6 2.d4 Nf6 3.Nc3 e5 4.f4 exd4 5.Qxd4 Nc6 6.Bb5 a6 7.Bxc6+ bxc6 8.Nf3 Be7
9.b3 O-O 10.Bb2 d5 11.O-O-O c5 12.Qd3 d4 13.Ne2 Ng4 14.Rdf1 a5 15.h3 Ba6
16.c4 Ne3 17.Rf2 a4 18.Nexd4 cxd4 19.Qxd4 Qxd4 20.Bxd4 axb3 21.axb3 Rfb8
22.Re1 Ba3+  0-1

[Event "Hotel Irottko GM"]
[Site "Koszeg"]
[Date "1999.06.23"]
[Round "1"]
[White "Weinzettl, Ernst"]
[Black "Varga, Zoltan"]
[Result "1/2-1/2"]
[WhiteElo "2420"]
[BlackElo "2518"]

1.e4 d6 2.d4 Nf6 3.Nc3 e5 4.Nf3 Nbd7 5.g3 c6 6.a4 b6 7.Bg2 Ba6 8.b4 d5 9.Rb1 Nxe4
10.Nxe4 dxe4 11.Nxe5 Nxe5 12.dxe5 Qxd1+ 13.Kxd1 O-O-O+ 14.Ke1 c5 15.Bg5 Rd5
16.b5 Bb7 17.Bf4 Be7 18.h4 Rd4 19.Ke2 Rhd8 20.Rhd1 Bd5 21.Ra1 h6 22.Be3 Bc4+
23.Ke1 R4d5 24.Bxe4 Rxe5 25.Rxd8+ Bxd8 26.Bd3 Be6 27.c4 g5 28.hxg5 Bxg5 29.Kd2 Bxe3+
30.fxe3 Rh5 31.a5 Rh2+ 32.Kc3 Rh3 33.axb6 axb6 34.Ra8+ Kc7 35.Ra7+ Kb8 36.Ra6 Kb7
37.Be4+ Kc7 38.Ra7+ Kd8 39.Rb7 Rxg3 40.Kd3 f5 41.Bd5 f4 42.Rxb6 Rxe3+ 43.Kd2 Bxd5
44.Rd6+ Kc7 45.Rxd5 Kb6 46.Rf5 Re4 47.Kd3 Re3+ 48.Kd2 Rf3 49.Ke2 Rb3 50.Rxf4 Ka5
51.Rh4 Kb4 52.Kd2 Rg3 53.Rxh6 Kxc4 54.b6 Rg7 55.Kc2 Kb4 56.Rh1 Rb7 57.Rb1+  1/2-1/2

[Event "Hotel Irottko IM"]
[Site "Koszeg"]
[Date "1999.06.25"]
[Round "3"]
[White "Stolte, Alexander"]
[Black "Morrison, Chris"]
[Result "0-1"]
[WhiteElo "2237"]
[BlackElo "2160"]

1.d4 d6 2.e4 Nf6 3.Nc3 c6 4.f4 Qa5 5.Bd3 e5 6.Nf3 Bg4 7.dxe5 dxe5 8.h3 Bxf3
9.Qxf3 Nbd7 10.f5 Bc5 11.Bd2 Qc7 12.Bc4 b5 13.Bb3 Bd4 14.Ne2 Bxb2 15.Bxf7+ Kxf7
16.Qb3+ Ke7 17.Qxb2 Nxe4 18.Qb4+ Nd6 19.Bg5+ Nf6 20.Nc3 Kf7 21.a4 a6 22.Rd1 Rad8
23.Qb3+ Nc4 24.O-O Rxd1 25.Rxd1 Rd8 26.Ra1 h6 27.axb5 Qb6+ 28.Kh1 cxb5 29.Bxf6 gxf6
30.Ne4 Qe3 31.Qxe3 Nxe3 32.Rxa6 Rd1+  0-1

[Event "Andorra la Vella op"]
[Site "Andorra la Vella"]
[Date "1999.06.28"]
[Round "3"]
[White "Vallejo Pons, Francisco"]
[Black "Hausner, Ivan"]
[Result "1-0"]
[WhiteElo "2494"]
[BlackElo "2396"]

1.e4 d6 2.d4 Nf6 3.Nc3 c6 4.f4 Qa5 5.Bd3 e5 6.Ne2 Bg4 7.Be3 Nbd7 8.Qd2 Bxe2
9.Bxe2 Be7 10.a3 O-O 11.g4 exf4 12.Bxf4 c5 13.dxc5 Qxc5 14.g5 Ne8 15.Nd5 Bd8
16.O-O-O Ne5 17.Rhg1 Qa5 18.Qe3 Rc8 19.Qb3 Rb8 20.h4 Nc7 21.Bd2 Qc5 22.Bb4 Qf2
23.Bxd6 Nxd5 24.Bxb8 Nf4 25.Bb5 Nfg6 26.Bxe5 Nxe5 27.Qg3 Qxg3 28.Rxg3 a6
29.Be2 Ng6 30.Rd7 b5 31.Ra7 a5 32.h5 Nf4 33.Bxb5 Nxh5 34.Rg4 Nf4 35.Bc4 Ng6
36.Bd5 Ne5 37.Rg2 g6 38.c4 Bb6 39.Rb7 Bd4 40.Kb1 Kg7 41.Rc2 Rc8 42.b4 axb4
43.axb4 Rh8 44.c5 h6 45.c6 hxg5 46.c7 g4 47.Rb8  1-0

[Event "Hotel Irottko IM"]
[Site "Koszeg"]
[Date "1999.06.28"]
[Round "6"]
[White "Morrison, Chris"]
[Black "Ruck, Tamas"]
[Result "1-0"]
[WhiteElo "2160"]
[BlackElo "2321"]

1.e4 d6 2.d4 Nf6 3.Nc3 Nbd7 4.Nf3 e5 5.Bc4 Be7 6.O-O O-O 7.Re1 c6 8.a4 b6
9.Ba2 Bb7 10.Nh4 Re8 11.Nf5 Bf8 12.dxe5 Nxe5 13.f3 a6 14.Bg5 Bc8 15.Ne3 Ng6
16.Qd4 Re5 17.f4 Rxg5 18.fxg5 Nd7 19.Kh1 Qxg5 20.Nf5 d5 21.Nxd5 cxd5 22.Qxd5 Nde5
23.Qxa8 Nf4 24.Ng3 Ng4 25.Qxc8 Qh4 26.h3 Nxh3 27.Bxf7+ Kxf7 28.Qc4+ Ke8 29.Qc6+ Kf7
30.Qd5+ Kf6 31.e5+ Kg5 32.e6+ Kf6 33.Qf5+ Ke7 34.Qf7+ Kd6 35.Rad1+ Kc5 36.Qxf8+ Qe7
37.Qxe7+  1-0

[Event "Ljubljana op 10th"]
[Site "Ljubljana"]
[Date "1999.06.28"]
[Round "4"]
[White "Schmitz, Andreas"]
[Black "Barle, Janez"]
[Result "0-1"]
[WhiteElo "2133"]
[BlackElo "2384"]

1.e4 d6 2.d4 Nf6 3.Nc3 e5 4.dxe5 dxe5 5.Qxd8+ Kxd8 6.Bg5 Be6 7.Nd5 Bxd5 8.Bxf6+ gxf6
9.O-O-O Nd7 10.Rxd5 c6 11.Rd1 Bc5 12.g3 Kc7 13.f3 Nf8 14.Bc4 Ne6 15.Ne2 h5
16.Bxe6 fxe6 17.Rd3 Rad8 18.Rhd1 Rxd3 19.Rxd3 f5 20.exf5 exf5 21.Rc3 Bf2
22.Kd2 Rg8 23.Ra3 a6 24.c4 h4 25.gxh4 f4 26.Nc3 Rg2 27.Kd3 Rxh2 28.b4 Bxh4
29.b5 Be7 30.Ra4 Kb6 31.bxa6 bxa6 32.Ne4 Rh3 33.Nd2 Bc5 34.Ke4 Be3 35.Nb3 c5
36.Kxe5 Rxf3 37.Na5 Bd2 38.Nb3 Rxb3 39.axb3 f3 40.Ra2 f2 41.Rxd2 f1=Q 42.Rd6+ Ka5
43.Kd5 Qf5+ 44.Kc6 Kb4 45.Rd5 Qf3  0-1

[Event "Ljubljana op 10th"]
[Site "Ljubljana"]
[Date "1999.06.29"]
[Round "5"]
[White "Susnik, Matej"]
[Black "Anakiev, Dimitar"]
[Result "0-1"]
[WhiteElo "2222"]
[BlackElo "2045"]

1.e4 d6 2.d4 Nf6 3.Nc3 c6 4.f4 Qa5 5.Bd3 e5 6.Bd2 Qc7 7.fxe5 dxe5 8.dxe5 Ng4
9.Nf3 Bc5 10.Qe2 Bf2+ 11.Kd1 Bc5 12.Rf1 O-O 13.h3 Nxe5 14.Nxe5 Qxe5 15.Bf4 Qd4
16.Kd2 Nd7 17.Be3 Qd6 18.Bxc5 Nxc5 19.Rae1 Be6 20.e5 Qe7 21.Qh5 Nxd3 22.cxd3 Rad8
23.Rf4 Rd7 24.Re3 Rfd8 25.Rh4 h6 26.Rg3 Kf8 27.Rxg7 Rxd3+ 28.Kc1 Rxc3+ 29.bxc3 Qa3+  0-1

[Event "World op"]
[Site "Philadelphia"]
[Date "1999.06.29"]
[Round "3"]
[White "Shapiro, Daniel E"]
[Black "Strenzwilk, Denis"]
[Result "1-0"]
[WhiteElo "2278"]
[BlackElo "2175"]

1.d4 d6 2.e4 Nf6 3.Nc3 c6 4.Nge2 Qa5 5.f3 e5 6.Be3 Be6 7.g4 Be7 8.Ng3 exd4
9.Qxd4 O-O 10.g5 Nfd7 11.f4 d5 12.f5 Bc5 13.Qd2 Ne5 14.Be2 Bd7 15.O-O-O dxe4
16.Bxc5 Qxc5 17.Ncxe4 Qb6 18.Qf4 Re8 19.Nd6 Re7 20.Nge4 c5 21.Nf6+ gxf6 22.gxf6 Ng6
23.Qh6  1-0

[Event "Hotel Irottko IM"]
[Site "Koszeg"]
[Date "1999.06.30"]
[Round "8"]
[White "Morrison, Chris"]
[Black "Cieza Vega, Arcadio"]
[Result "1-0"]
[WhiteElo "2160"]
[BlackElo "2335"]

1.e4 d6 2.d4 Nf6 3.Nc3 c6 4.f4 Qa5 5.Bd3 e5 6.Nf3 exd4 7.Nxd4 Qb6 8.Na4 Qa5+
9.Nc3 Qb6 10.Na4 Qc7 11.O-O b5 12.e5 dxe5 13.fxe5 Ng4 14.Bf4 Qd8 15.Nxb5 cxb5
16.Bxb5+ Bd7 17.e6 Bc5+ 18.Nxc5 Bxb5 19.exf7+ Ke7 20.Qe1+  1-0

[Event "Hotel Irottko IM"]
[Site "Koszeg"]
[Date "1999.07.02"]
[Round "10"]
[White "Krizsany, Laszlo"]
[Black "Morrison, Chris"]
[Result "1-0"]
[WhiteElo "2462"]
[BlackElo "2160"]

1.d4 d6 2.e4 Nf6 3.Nc3 c6 4.f4 Qa5 5.e5 Ne4 6.Qf3 d5 7.Bd3 Na6 8.Ne2 Nb4
9.O-O Nxd3 10.cxd3 Nxc3 11.bxc3 g6 12.a4 h5 13.h3 h4 14.Ba3 Bf5 15.Kh2 e6
16.Qe3 Rc8 17.Bxf8 Kxf8 18.Rfc1 Kg7 19.c4 c5 20.dxc5 Rxc5 21.Nd4 dxc4 22.dxc4 Rcc8
23.Nb5 a6 24.Nd6 Rc7 25.Ra3 b6 26.Rcc3 Qc5 27.Qxc5 Rxc5 28.Rcb3 Rb8 29.a5 b5
30.cxb5 axb5 31.a6 Bc2 32.a7 Ra8 33.Rxb5 Rc7 34.Rba5 g5 35.fxg5 Kg6 36.Ra2 Bd3
37.R2a4 Kxg5 38.Rg4+ Kh5 39.Raa4 Raxa7 40.Rxh4+ Kg5 41.Rag4+  1-0

[Event "Canadian op"]
[Site "Richmond"]
[Date "1999.07.02"]
[Round "11"]
[White "Yoos, John C"]
[Black "Orlov, Georgi"]
[Result "0-1"]
[WhiteElo "2302"]
[BlackElo "2501"]

1.e4 d6 2.d4 Nf6 3.Nc3 c6 4.f3 Qc7 5.Be3 e5 6.g4 b5 7.Qd2 Be7 8.Nge2 O-O
9.Ng3 b4 10.Nce2 d5 11.g5 Nfd7 12.Nf5 Nb6 13.Neg3 dxe4 14.fxe4 Rd8 15.O-O-O Bf8
16.Nh5 Be6 17.Rg1 N8d7 18.Qf2 Kh8 19.Qh4 Nd5 20.Rg3 Nxe3 21.Rxe3 g6 22.Rh3 gxh5
23.Qxh5 Bxf5 24.exf5 h6 25.Qxf7 exd4 26.Bc4 Qf4+ 27.Kb1 Qxg5 28.Rg3 Ne5 29.Qe6 Re8
30.Rxg5 Rxe6 31.Bxe6 hxg5 32.Rxd4 Be7 33.Re4 Bf6 34.Rxb4 Rd8 35.a4 g4 36.Rb7 a5
37.Ra7 Rd2 38.Ra8+ Kg7 39.Ra7+ Kh6 40.Ra8 Rxh2 41.Rf8 Bg7 42.Rf7 Nxf7  0-1

[Event "SVK-ch"]
[Site "Nove Zamky"]
[Date "1999.07.03"]
[Round "1"]
[White "Dovzik, Juri"]
[Black "Profant, Tibor"]
[Result "1-0"]
[WhiteElo "2435"]
[BlackElo "2096"]

1.e4 d6 2.d4 Nf6 3.Nc3 c6 4.f4 Bg4 5.Qd3 Na6 6.h3 Bc8 7.Be3 Qa5 8.Qd2 d5
9.e5 Nd7 10.Nf3 b5 11.Bd3 Nb6 12.O-O e6 13.f5 exf5 14.Nh4 Nc4 15.Bxc4 bxc4
16.Nxf5 Be6 17.Bg5 h6 18.Bh4 Qc7 19.Nd1 Nb8 20.Nde3 Nd7 21.Bg3 c5 22.Nxd5 Bxd5
23.e6 Qc6 24.exd7+ Kxd7 25.Rad1 Rd8 26.Kh2 Kc8 27.Qf4 Kb7 28.Rfe1 Be6 29.dxc5 Bxc5
30.Nxg7 Bd5 31.Nf5 Rd7 32.Ne3 Bxe3 33.Rxe3 Rg8 34.b3 cxb3 35.c4 bxa2 36.Rb3+ Ka6
37.cxd5 Qc5 38.Qa4+  1-0

[Event "Andorra la Vella op"]
[Site "Andorra la Vella"]
[Date "1999.07.04"]
[Round "9"]
[White "Jansa, Vlastimil"]
[Black "Gretarsson, Helgi Ass"]
[Result "1-0"]
[WhiteElo "2467"]
[BlackElo "2459"]

1.d4 d6 2.e4 Nf6 3.Nc3 e5 4.Nf3 Nbd7 5.Bc4 Be7 6.O-O O-O 7.Qe2 c6 8.a4 exd4
9.Nxd4 Re8 10.Ba2 Bf8 11.Qf3 Ne5 12.Qd1 a5 13.Kh1 Ng6 14.f3 h6 15.Re1 Nh5
16.Be3 d5 17.exd5 Ngf4 18.dxc6 Nxg2 19.Kxg2 Rxe3 20.Rxe3 Qg5+ 21.Kh1 Qxe3
22.Qg1 Qxg1+ 23.Rxg1 Bc5 24.Rd1 bxc6 25.Nxc6 Bb7 26.Ne5 Kh7 27.Bd5 Bxd5 28.Nxd5  1-0

[Event "Politiken Cup"]
[Site "Copenhagen"]
[Date "1999.07.07"]
[Round "5"]
[White "Trygstad, Kristian"]
[Black "Baekgaard, Martin"]
[Result "1-0"]
[WhiteElo "2227"]
[BlackElo "2055"]

1.e4 d6 2.d4 Nf6 3.Nc3 e5 4.Nf3 Nbd7 5.Bc4 Be7 6.O-O O-O 7.a4 c6 8.Re1 b6
9.Bg5 Qc7 10.Ba2 a6 11.d5 c5 12.Qd3 Qd8 13.Ne2 Ne8 14.Be3 Ndf6 15.h3 Nh5
16.g4 Nhf6 17.Ng3 h5 18.g5 Nh7 19.h4 g6 20.Kg2 f6 21.a5 Kh8 22.gxf6 Bxf6
23.axb6 Qxb6 24.Bc4 Qb7 25.Ng5 Bxg5 26.hxg5 h4 27.Nf1 Qd7 28.Qd1 Qh3+ 29.Kg1 Ng7
30.Ra3 Qd7 31.Be2 Qb7 32.Bc1 Qe7 33.Bg4 Nxg5 34.Bxc8 Raxc8 35.Qg4 Nh7 36.Rxa6 Nh5
37.Qe6 Qxe6 38.dxe6 Rfe8 39.Rxd6 Nf8 40.Nh2 Rxe6 41.Rxe6 Nxe6 42.Nf3 Nd4
43.Nxe5 Kg7 44.c3 Nb3 45.Bg5 Re8 46.f4 Nd2 47.Kg2 Ng3 48.Ra1 Ngxe4 49.Ra7+ Kg8
50.Bh6  1-0

[Event "Southern Californian-ch"]
[Site "Los Angeles"]
[Date "1999.07.10"]
[Round "1"]
[White "Akopyan, Harutyun"]
[Black "Altounian, Levon"]
[Result "0-1"]
[WhiteElo "2269"]
[BlackElo "2434"]

1.e4 d6 2.d4 Nf6 3.Nc3 Nbd7 4.g3 c5 5.Be3 cxd4 6.Bxd4 a6 7.Bg2 e5 8.Be3 b5
9.a4 b4 10.Nd5 Bb7 11.Ne2 Nxd5 12.exd5 a5 13.c4 bxc3 14.Nxc3 Be7 15.O-O O-O
16.Nb5 Ba6 17.Re1 Bxb5 18.axb5 Bg5 19.f4 exf4 20.gxf4 Bf6 21.Qd2 Nc5 22.Bxc5 dxc5
23.Kh1 Bd4 24.Re2 Ra7 25.Rae1 g6 26.f5 Rb7 27.Qd3 Qb6 28.Qg3 Rd7 29.Qd3 Kg7
30.Be4 Rd6 31.Qg3 Rfd8 32.h4 Qxb5 33.h5 Qb6 34.Rh2 g5 35.Qxg5+ Kh8 36.Rg2 Bf6
37.Qg4 Re8 38.Reg1 Qd8 39.b3 Bd4 40.Rf1 Rg8 41.Qf4 Rxg2 42.Kxg2 Qf6 43.Bf3 Be5
44.Qg4 Rd8 45.Qe4 Rg8+ 46.Bg4 Qh4 47.Qxe5+ f6 48.Qh2 Qxg4+  0-1

[Event "Politiken Cup"]
[Site "Copenhagen"]
[Date "1999.07.12"]
[Round "9"]
[White "Lyell, Mark"]
[Black "Baekgaard, Martin"]
[Result "0-1"]
[WhiteElo "2238"]
[BlackElo "2055"]

1.e4 d6 2.d4 Nf6 3.Nc3 e5 4.Nf3 Nbd7 5.Be2 Be7 6.O-O O-O 7.Re1 c6 8.a4 a5
9.b3 d5 10.exd5 Bb4 11.Bd2 e4 12.Ne5 cxd5 13.Nb5 Be7 14.c4 dxc4 15.bxc4 Nxe5
16.dxe5 Nd7 17.Bc3 Nc5 18.Nd6 Be6 19.Bg4 Qd7 20.Bxe6 Qxe6 21.Qh5 f5 22.Red1 Ra6
23.Rd5 Nd3 24.g3 Nb4 25.Rad1 Bxd6 26.Rxd6 Qxc4 27.Rd8 Ra8 28.Rxa8 Rxa8 29.e6 g6
30.Qh6 Qxc3 31.Rd7 Qa1+ 32.Kg2 Qh8 33.Rxb7 Re8 34.h4 Nd5 35.h5 Ne7 36.Qg5 Qg7
37.h6 Qf8 38.Ra7 f4 39.Qe5 fxg3 40.fxg3 Qf3+ 41.Kg1 Qe3+ 42.Kg2 Qxh6 43.Qxe4 Qd2+
44.Kh3 Qd5 45.Qxd5 Nxd5 46.Rxa5 Nc7 47.Ra7 Re7 48.a5 Kg7 49.Rb7 Kf6 50.Kg4 h6
51.Kh4 Na6 52.Rxe7 Kxe7 53.Kg4 Kxe6 54.Kf4 Kd5 55.Kf3 h5 56.Kf4 Ke6 57.Kg5 Kf7
58.Kf4 Kf6 59.Ke4 g5 60.Kd5 g4 61.Ke4 Kg5 62.Ke3 h4 63.Kf2 h3  0-1

[Event "Komercni Banka op"]
[Site "Pardubice"]
[Date "1999.07.16"]
[Round "1"]
[White "Tuturin, Sergei"]
[Black "El Taher, Fouad"]
[Result "0-1"]
[WhiteElo "2268"]
[BlackElo "2446"]

1.e4 d6 2.d4 Nf6 3.Nc3 Nbd7 4.Nf3 e5 5.Be2 Be7 6.O-O O-O 7.h3 Re8 8.Bg5 c6
9.a4 exd4 10.Qxd4 Nc5 11.Rfe1 Nfxe4 12.Nxe4 Nxe4 13.Bxe7 Rxe7 14.Bd3 Nf6
15.Rxe7 Qxe7 16.Re1 Qf8 17.g4 Bd7 18.g5 Nh5 19.Re4 c5 20.Qe3 Bc6 21.Rh4 Re8
22.Bxh7+ Kxh7 23.Rxh5+ Kg6 24.Qd3+ Re4 25.Nd2 c4 26.Nxc4 Kxh5 27.Nxd6 f5
28.gxf6 Re1+  0-1

[Event "SCO-ch"]
[Site "Edinburgh"]
[Date "1999.07.19"]
[Round "4"]
[White "Motwani, Paul"]
[Black "Summerscale, Aaron"]
[Result "1/2-1/2"]
[WhiteElo "2465"]
[BlackElo "2420"]

1.e4 d6 2.d4 Nf6 3.Nc3 c6 4.f4 Qa5 5.e5 Ne4 6.Qf3 d5 7.Bd3 Na6 8.Ne2 Nb4
9.O-O Nxd3 10.cxd3 Nxc3 11.bxc3 g6 12.a4 h5 13.h3 h4 14.Ba3 Bf5 15.Rfb1 Qc7
16.Qe3 e6 17.a5 Bxa3 18.Rxa3 O-O 19.Kh2 b6 20.Rba1 Rab8 21.axb6 axb6 22.Ng1 Kg7
23.Nf3 Rh8 24.Ra7 Rb7 25.Ra8 Rbb8 26.R8a7 Rb7 27.Ra8  1/2-1/2

[Event "Komercni Banka op"]
[Site "Pardubice"]
[Date "1999.07.19"]
[Round "4"]
[White "Luther, Thomas"]
[Black "Shumiakina, Tatiana"]
[Result "1-0"]
[WhiteElo "2507"]
[BlackElo "2351"]

1.e4 d6 2.d4 Nf6 3.Nc3 e5 4.Nf3 Nbd7 5.Bc4 Be7 6.O-O O-O 7.a4 c6 8.Re1 b6
9.Ba2 a6 10.h3 Rb8 11.Nh4 b5 12.Nf5 Nb6 13.dxe5 dxe5 14.axb5 axb5 15.Qf3 b4
16.Ne2 Bxf5 17.Qxf5 Nbd7 18.Bg5 Qc7 19.Ng3 Nc5 20.Qf3 b3 21.Bxb3 Nxb3 22.cxb3 h6
23.Bxf6 Bxf6 24.Nf5 Kh7 25.Red1 Rb6 26.Rd3 Rd8 27.Rad1 Rxd3 28.Rxd3 Qa7 29.Nd6 Rb8
30.Nc4 Qe7 31.g3 Kg8 32.Kg2 Kf8 33.Qd1 Qb7 34.h4 Be7 35.Nxe5 Re8 36.Qh5  1-0

[Event "Komercni Banka op"]
[Site "Pardubice"]
[Date "1999.07.19"]
[Round "4"]
[White "Kutuzovic, Branko"]
[Black "Lorscheid, Gerhard"]
[Result "1/2-1/2"]
[WhiteElo "2480"]
[BlackElo "2329"]

1.e4 d6 2.d4 Nf6 3.Nc3 e5 4.Nge2 Be7 5.f3 c6 6.Be3 O-O 7.g4 b5 8.Qd2 Qa5
9.Ng3 Re8 10.Be2 b4 11.Nd1 exd4 12.Bxd4 d5 13.e5 Nfd7 14.f4 Bf8 15.O-O Ba6
16.Bxa6 Nxa6 17.b3 Nc7 18.Nf2 Nb5 19.Bb2 Qc7 20.Ne2 a5 21.c3 f6  1/2-1/2

[Event "Paris-ch"]
[Site "Paris"]
[Date "1999.07.19"]
[Round "3"]
[White "Oupindrin, Narayanin"]
[Black "Bouguerra, Tayeb"]
[Result "1-0"]
[WhiteElo "2083"]
[BlackElo "2005"]

1.e4 d6 2.d4 Nf6 3.Nc3 c6 4.Nf3 Bg4 5.Be3 Qa5 6.Bd3 e5 7.O-O Be7 8.h3 Bh5
9.a3 O-O 10.b4 Qc7 11.Qe2 Nbd7 12.Qd2 Bxf3 13.gxf3 exd4 14.Bxd4 Ne5 15.Be2 Rad8
16.f4 Ng6 17.Qe3 c5 18.Bxf6 Bxf6 19.Nd5 Qb8 20.Nxf6+ gxf6 21.f5 Ne7 22.Qh6 d5
23.Kh1 dxe4 24.Rg1+ Ng6 25.fxg6 fxg6 26.Bc4+ Kh8 27.Rxg6 Rd7 28.Rag1 Qe8
29.Qxf8+  1-0

[Event "Paris-ch"]
[Site "Paris"]
[Date "1999.07.19"]
[Round "3"]
[White "Jablonski, Noham"]
[Black "Common, P."]
[Result "0-1"]
[WhiteElo "2059"]
[BlackElo "2165"]

1.e4 d6 2.d4 Nf6 3.Nc3 c6 4.Bd3 e5 5.Nf3 Bg4 6.Be2 Nbd7 7.O-O Be7 8.dxe5 dxe5
9.Nd2 Be6 10.Nc4 Bxc4 11.Bxc4 b5 12.Bd3 Nc5 13.f4 h5 14.fxe5 Ng4 15.Be2 Qb6
16.Bxg4 Nxe4+ 17.Kh1 Ng3+  0-1

[Event "S&W Young Masters 9th"]
[Site "Witley"]
[Date "1999.07.20"]
[Round "5"]
[White "Sarkar, Justin"]
[Black "Houska, Miroslav"]
[Result "1-0"]
[WhiteElo "2262"]
[BlackElo "2364"]

1.e4 d6 2.d4 Nf6 3.Nc3 e5 4.Nf3 Nbd7 5.Bc4 Be7 6.O-O O-O 7.Qe2 c6 8.a4 Qe8
9.Rd1 Bd8 10.dxe5 dxe5 11.b3 Nh5 12.a5 Nf4 13.Qe3 b5 14.axb6 Bxb6 15.Qd2 Nf6
16.Ba3 c5 17.Qe3 Bb7 18.Ne1 Qc6 19.f3 Ne6 20.Kh1 Nd4 21.Nd5 Nxd5 22.Bxd5 Qc7
23.Bxb7 Qxb7 24.Qd3 Kh8 25.Qc4 f5 26.c3 fxe4 27.cxd4 cxd4 28.Bxf8 Rxf8 29.fxe4 Qxe4
30.Nd3 Qf5 31.Qd5 Re8 32.Qc6 Rf8 33.Qf3 Qc8 34.Rac1 Qe8 35.Qe4 Qh5 36.Rf1  1-0

[Event "Dutch Open"]
[Site "Dieren"]
[Date "1999.07.22"]
[Round "3"]
[White "Rabinovich, Alexander"]
[Black "Golubev, Mihail"]
[Result "1/2-1/2"]
[WhiteElo "2413"]
[BlackElo "2532"]

1.d4 d6 2.e4 Nf6 3.Nc3 e5 4.dxe5 dxe5 5.Qxd8+ Kxd8 6.f4 Nc6 7.Nf3 Bd6 8.fxe5 Nxe5
9.Bg5 c6 10.O-O-O Ke7 11.Be2 h6 12.Bh4 Nxf3  1/2-1/2

[Event "Komercni Banka op"]
[Site "Pardubice"]
[Date "1999.07.22"]
[Round "7"]
[White "Gretarsson, Helgi Ass"]
[Black "Kernazhitsky, Leonid"]
[Result "1-0"]
[WhiteElo "2521"]
[BlackElo "2438"]

1.d4 d6 2.e4 Nf6 3.Nc3 e5 4.Nf3 Nbd7 5.Bc4 Be7 6.O-O O-O 7.Qe2 c6 8.a4 Qc7
9.Rd1 b6 10.d5 Bb7 11.dxc6 Bxc6 12.Bg5 h6 13.Bxf6 Nxf6 14.Nd5 Nxd5 15.Bxd5 Rac8
16.Bxc6 Qxc6 17.c3 f5 18.exf5 Rxf5 19.Qb5 Rf7 20.Rd5 Qb7 21.Qb3 Rcf8 22.Re1 Kh8
23.Re2 Rf4 24.c4 Rc8 25.Rc2 Qc6 26.Nd2 Rd4 27.Rxd4 exd4 28.Qd3 Qxa4 29.g3 d5
30.b3 Qa1+ 31.Kg2 Qd1 32.Ra2 dxc4 33.bxc4 a5 34.Qe4 Bf6 35.Qb7 Re8 36.Qxb6 Re1
37.Nf3 Rh1 38.Nh4 Bxh4 39.Qe6 Qf1+ 40.Kf3 Qd3+ 41.Kg2 Bg5 42.h4 Rb1 43.hxg5 Qf1+
44.Kf3 Qd1+ 45.Re2 Qh1+ 46.Kg4 h5+ 47.Kf5 Qf3+ 48.Kg6 Rb8 49.Qe8+ Qf8 50.Qxf8+ Rxf8
51.Re5 Ra8 52.c5 Ra6+ 53.Kxh5 Kh7 54.Rd5 g6+ 55.Kg4 a4 56.Rxd4 a3 57.Rd1 Kg7
58.f4 Kf7 59.Kf3 Ke6 60.g4 a2 61.Ra1 Kd5 62.f5 Ra3+ 63.Kf4 Ra4+ 64.Kg3 gxf5
65.gxf5 Ke5 66.f6 Ke6 67.c6 Kf7 68.c7 Rc4 69.Rxa2 Rxc7 70.Ra8 Kg6 71.Kf4 Rb7
72.Rf8 Kh7 73.Re8 Kg6 74.Re7 Rb4+ 75.Ke3 Rb3+ 76.Ke4 Rb4+ 77.Ke3 Rb3+ 78.Kf4 Rb4+
79.Re4 Rb3 80.Re5 Rb4+ 81.Ke3 Ra4 82.Kf3 Rb4 83.Re4 Rb5 84.Rg4 Rb3+ 85.Kg2  1-0

[Event "Komercni Banka op"]
[Site "Pardubice"]
[Date "1999.07.23"]
[Round "8"]
[White "Kernazhitsky, Leonid"]
[Black "Lorscheid, Gerhard"]
[Result "1-0"]
[WhiteElo "2438"]
[BlackElo "2329"]

1.e4 d6 2.d4 Nf6 3.Nc3 e5 4.f4 exd4 5.Qxd4 Be7 6.Nf3 O-O 7.Be3 Re8 8.O-O-O Ng4
9.h3 Nxe3 10.Qxe3 c6 11.e5 d5 12.Bd3 Nd7 13.Kb1 Nf8 14.f5 Qb6 15.Qf4 Qb4
16.Qg3 f6 17.a3 Qb6 18.Rhe1 Qc7 19.Qh4 fxe5 20.Qh5 Rd8 21.Nxe5 Bf6 22.Ng4 Qf7
23.Nxf6+ gxf6 24.Qh6 Bd7 25.Re3 Re8 26.Rg3+ Kh8 27.Rf1 Re5 28.Rf4 Re1+ 29.Ka2 d4+
30.b3 dxc3 31.h4 Be6 32.fxe6 Qe7 33.Qxf6+ Qxf6 34.Rxf6  1-0